| 000 | 01521nam0a22003371 4500 | ||
|---|---|---|---|
| 001 | v19\rc\1766853 | ||
| 005 | 20260405173613.0 | ||
| 035 | _a(NLR Aleph) 004891073 | ||
| 090 |
_a5271818 _c5271818 |
||
| 100 | _a20061204d1903 |||y0rusy50 ca | ||
| 101 | 1 |
_arus _cfre |
|
| 102 | _aRU | ||
| 105 | _aa b ||||| | ||
| 200 | 1 | _a50 карикатур Каран д'Аша [псевд.] | |
| 210 |
_aСанкт-Петербург _cтип. т-ва М.О. Вольф _dценз. 1903 |
||
| 215 |
_a[18] с. _cил. _d26 |
||
| 225 | 1 |
_aВеселая библиотека _v[№ 7] |
|
| 309 | _aБез тит. л. | ||
| 327 | 1 | _aСодерж.: Скачка в пустыне; Необходимое зло; Застенчивый жених; Священное пламя; Догадливый слон; Превращение | |
| 464 | 0 |
_12001#$aСкачка в пустыне$aНеобходимое зло$aЗастенчивый жених$aСвященное пламя$aДогадливый слон$aПревращение _tПревращение |
|
| 532 | 1 | 1 | _aПятьдесят карикатур Каран д'Аша псевдоним |
| 700 | 1 |
_8rus _7ca _aПуаре _bЭ. _f1859-1909 _gЭммануэль _3RU\NLR\AUTH\7774970 _957898 |
|
| 801 | 0 |
_aRU _bNLR _gpsbo |
|
| 801 | 0 |
_aRU _bRuMoRGB _2psbo |
|
| 801 | 1 |
_aRU _bProSoft-M _2rusmarc |
|
| 801 | 2 |
_aRU _bNLR _c20170811 _2rusmarc |
|
| 852 |
_aNLR _j19.90.7.6(№ 7) |
||
| 899 |
_aRuMoRGB _jA 281/91 (№ 7-8) |
||
| 899 |
_aRuMoRGB _jU 405/85 |
||
| 942 | _cBOOK | ||
| 980 | _aNB | ||